Statistics for Leonardo DiCaprio Oscar Nominated Roles

Click here to take the quiz!

General Stats

  • This quiz has been taken 41 times
  • The average score is 4 of 6

Answer Stats

Release YearMovie% Correct
2015The Revenant
94%
2013The Wolf of Wall Street
83%
2019Once Upon a Time in Hollywood
80%
1993What's Eating Gilbert Grape
71%
2004The Aviator
66%
2006Blood Diamond
49%

Score Distribution

Percentile by Number Answered

Percent of People with Each Score

Your Score History

You have not taken this quiz